000 00665nam a2200253Ia 4500
003 OSt
005 20220912151223.0
006 a|||||r|||| 00| 0
007 ta
008 220909b |||||||| |||| 00| 0 eng d
024 _a56343
037 _cTextual
040 _aCSL
_beng
_cCSL
041 _aeng
082 _aJ781, J5
100 _aChristidis Basil G
245 0 _aCotton growing problems
260 _aNew York
_b McGraw-Hill
_c1955
300 _avii, 633p.
_ccm.
650 _aAgriculture
700 _a Harrison George J
942 _hJ781, J5
_cTEXL
_2CC
999 _c63914
_d63914